000 00756nam a2200229 i 4500
001 101574
003 ES-MaACL
005 20230906182933.0
007 t|
008 051020s1969 sp ||||1| spa d
080 _a61(078)
245 0 0 _aMédicos titulares :
_boposiciones restringidas /
_cpor Castaño López-Mesas, Gálvez Vargas, Guaita Egea ... [et al.].
260 _aMadrid :
_bPons,
_c1969.
300 _a2 t. en 4 v. ;
_c30 cm.
610 2 4 _aMédicos titulares.
_9174616
650 4 _aMedicina-
_xContestaciones para oposiciones.
_914896
650 4 _aMedicina-
_vExámenes, tests, etc.
_9159567
700 1 _aCastaño López-Mesas.
_936439
700 1 _aGálvez, R.
_9174619
700 1 _aGuaita Egea.
_960277
852 4 _aES-MaACL
_jP-1451
999 _c101574
_d101574